| 000 | 01634nam a2200349 i 4500 | ||
|---|---|---|---|
| 003 | EG-ScBUE | ||
| 005 | 20240212143207.0 | ||
| 008 | 151123s2010 ua b f b 000 0 ara d | ||
| 020 | _a9774058938 | ||
| 040 |
_aEG-ScBUE _bara _erda _cEG-ScBUE _dEG-ScBUE |
||
| 041 | 1 |
_aara _haze |
|
| 043 | _aa-ai--- | ||
| 082 | 0 | 4 |
_a947.56 _bع م ر _222 |
| 100 | 1 |
_aعمرانلي، كامالا، _eمؤلف. _938783 |
|
| 245 | 1 | 0 |
_aقيام الدولة الأرمينية في القوقاز : _bالجذور والآثار / _cكامالا عمرانلي ؛ ترجمة عبد الرحمن عبد الرحمن الخميسي ؛ مراجعة فائق باغيروف. |
| 250 | _aالطبعة الأولى. | ||
| 264 | 1 |
_aالقاهرة : _b[اسم الناشر غير محدد]، _c2010. |
|
| 300 |
_a250 صفحة : _bخرائط ؛ _c21 سم |
||
| 336 |
_2rdacontent _aنص _btxt |
||
| 337 |
_aبدون وسيط _2rdamedia _bn |
||
| 338 |
_aمجلد _bnc _2rdacarrier |
||
| 500 | _aتمت ترجمة وطباعة هذا الكتاب بدعم من سفارة جمهورية أذربيجان بالقاهرة - عام 2010. | ||
| 504 | _aيشتمل على إرجاعات ببليوجرافية. | ||
| 541 | _aDonation from Shahla - Azarbaijan. | ||
| 546 | _aالعمل باللغة العربية مترجم من اللغة الآذربيجانية التركية. | ||
| 651 | 7 |
_aأرمينيا _xتاريخ. _2BUEsh |
|
| 653 |
_bGGEN _cNovember2015 |
||
| 655 | _vReading book | ||
| 700 | 1 |
_aخميسي، عبد الرحمن عبد الرحمن، _eمترجم. _938780 |
|
| 700 | 1 |
_aباغيروف، فائق، _eمراجع. |
|
| 942 | _2ddc | ||
| 999 |
_c21074 _d21046 |
||